[Event "Verona op-B"]
[Site "Verona"]
[Date "2019.01.03"]
[Round "2"]
[White "Madiai, Filippo"]
[Black "Corbella, Corrado"]
[Result "1-0"]
[WhiteElo "1773"]
[BlackElo "1611"]
[PlyCount "95"]
[EventDate "2019.01.02"]
[EventType "swiss"]
[EventRounds "7"]
[EventCountry "ITA"]
[SourceTitle "CBM 188 Extra"]
[Source "ChessBase"]
[SourceDate "2019.02.26"]
[SourceVersion "1"]
[SourceVersionDate "2019.02.26"]
[SourceQuality "1"]

1. d4 d5 2. Bg5 h6 3. Bh4 Bf5 4. c4 c6 5. Nc3 Nf6 6. Bxf6 exf6 7. cxd5 cxd5 8. Qb3 Nc6 9. e3 Be7 10. Qxd5 Qxd5 11. Nxd5 Bd6 12. Bb5 Be4 13. f3 Bxd5 14. e4 Bb4+ 15. Kf2 Be6 16. d5 Bd7 17. dxc6 bxc6 18. Ba4 Bc5+ 19. Ke2 0-0 20. Rc1 Bd6 21. Rd1 Bb4 22. Rxd7 Rfd8 23. Rxd8+ Rxd8 24. a3 Ba5 25. b4 Bb6 26. Bxc6 Rc8 27. b5 Rd8 28. Nh3 Rd4 29. Nf4 Ra4 30. Ra1 Rc4 31. Ra2 f5 32. Nd5 Bc5 33. exf5 Bd6 34. h3 f6 35. Kd3 Rc1 36. a4 Kf8 37. Bb7 Rd1+ 38. Kc2 Rg1 39. Kb3 Rb1+ 40. Rb2 Rd1 41. Ne3 Rd3+ 42. Kc4 Rxe3 43. a5 Re5 44. Bd5 Rxf5 45. b6 axb6 46. a6 Rf4+ 47. Kb5 Bc5 48. a7 1-0